Catálogo

Vista normal Vista MARC

Entrada Personal Name

Número de registros utilizados en: 1

001 - CONTROL NUMBER

  • control field: 16572

003 - CONTROL NUMBER IDENTIFIER

  • control field: DLC

005 - DATE AND TIME OF LATEST TRANSACTION

  • control field: 20241205161731.0

008 - FIXED-LENGTH DATA ELEMENTS

  • fixed length control field: 040602n| acannaabn |a aaa c

010 ## - LIBRARY OF CONGRESS CONTROL NUMBER

  • LC control number: nr2004016929

040 ## - CATALOGING SOURCE

  • Original cataloging agency: CU-SB
  • Language of cataloging: spa
  • Transcribing agency: Mx-PuUPA
  • Modifying agency: Mx-PuUPA
  • Description conventions: rda

100 1# - HEADING--PERSONAL NAME

  • Personal name: Estrada de Torres, Ma. Cristina,
  • Fuller form of name: (María Cristina)

374 ## - OCCUPATION

  • Occupation: Autor

375 ## - GENDER

  • Gender: mujer

377 ## - ASSOCIATED LANGUAGE

  • Language code: spa

400 1# - SEE FROM TRACING--PERSONAL NAME

  • Personal name: Torres, Ma. Cristina Estrada de
  • Fuller form of name: (María Cristina Estrada)

400 1# - SEE FROM TRACING--PERSONAL NAME

  • Personal name: De Torres, Ma. Cristina Estrada
  • Fuller form of name: (María Cristina Estrada)

400 1# - SEE FROM TRACING--PERSONAL NAME

  • Personal name: Estrada de Torres, María Cristina

670 ## - SOURCE DATA FOUND

  • Source citation: México, ayate de la Virgen de Guadalupe, 2000:
  • Information found: t.p. (Ma. Cristina Estrada de Torres)